00494nam a2200145Ia 4500008004100000020001800041041000800059082001700067100002400084245012900108250000600237260006100243300001600304650002800320210716s2008 xx 000 0 und d a978007066708X aeng a658.848 JOHJ aJohansson, Johny K. aGlobal marketing: foreign entry local marketing and global management.bForeign entry local marketing and global management. a1 aNew DelhibTata McGraw Hill Publishing Company Ltdc2008 axx,716/1997 aInternational Marketing